Industry 4.0 bakalárska práca

Saved in:
Bibliographic Details
Main Author: Bíž, Matej
Corporate Author: Fakulta hospodárskej informatiky EU. Katedra aplikovanej informatiky
Other Authors: Mišút, Martin, 1962-
Format: Book
Language:Slovak
Published: Bratislava 2020
Tags: Add Tag
No Tags, Be the first to tag this record!

MARC

LEADER 00000nbm a2200000 4500
001 0264653
005 20210510105235.6
041 0 |a slo 
044 |a SK 
245 1 0 |a Industry 4.0  |b bakalárska práca  |c Matej Bíž ; školiteľ: Martin Mišút 
264 1 |a Bratislava  |c 2020 
300 |a 67 s. 
100 1 |a Bíž, Matej 
700 1 |a Mišút, Martin, 1962- 
710 2 |a Fakulta hospodárskej informatiky EU. Katedra aplikovanej informatiky